Statistiques concernant Culture générale Marvin n°6

Cliquez ici pour prendre le quiz!

Statistiques générales

  • Ce quiz a été pris 50 fois
  • Le résultat moyen est 12 sur 20

Statistiques - réponses

QuestionsReponses% Correct
A quelle pays appartient le Groenland ?Danemark
98%
Qui est le fondateur des restos du coeur ?Coluche
96%
Quel est le sport national du canada ?Hockey sur glace
91%
Combien de temps à durer la guerre de 100 ans ?116 ans
89%
De quel pays Sissi est-elle l'impératrice ?Autriche
89%
Dans quel pays se situe le plus grand marché de Noël d'Europe ?France (Strasbourg)
87%
Quel phénomène hypothétique est utilisé par les scientifiques pour définir le début de tout choses ou la création de notre universLe Big Bang
85%
De quel peuple attila était-il le roi pendant 18 ans ?Les Huns
85%
Quelle attaque japonaise contre les américains est l'une des raisons de l'entrée en guerre des Etats UnisPearlharbor
85%
Quel est le nom du personnage blond habillé en bleu dans Scooby doo ?Fred
70%
Citez un des deux mammifères pondant des oeufsEchidnes / ornithorynque
59%
Sur quel animal porte le film Disney TurboL'escargot
59%
Dans quel jeu vidéo suit-on une histoire d'un professeur spécialiste en résolution d'énigme ?Professeur Layton
41%
Quel est la seule des 7 merveille du monde étant encore existante de nos joursLa pyramide de kheops
39%
Qui sont les plus gros consommateurs de kebab en Europe ?Les Allemands
39%
Quel est le nom du tueur dans le film les griffes de la nuit ?Freddy Krueger
28%
Quel américain détient le record du monde du saut en longueur a 8m95 ?Mike Powell
22%
Quelle phrase tristement célèbre de Donald Trump avait-il dit durant sa campagne afin de lutter contre l'immigration des mexicainsWe will build a wall
11%
Quel est le titre du film retraçant la vie de trois femme scientifique afro-américaine ayant permis à la nasa de la prendre la tête dans la conquête spatiale ?Les figures de l'ombre
9%
Quel est le numéro de la chambre maudite dans laquelle se trouve une femme nue se transformant en monstre a la peau putréfié dans Shining ?237
7%

Distribution des résultats

Percentile par nombre de réponses

% des personnes avec chaque résultat

Votre développement - résultats

Vous n’avez pas pris ce quiz